[Event "XIII Memorial Edoardo Crespi Open"]
[Site "Milano ITA"]
[Date "1992.12.??"]
[Round "4"]
[White "Redo, Giorgio"]
[Black "Drazic, Sinisa"]
[Result "0-1"]
[WhiteElo "1933"]
[BlackElo "2410"]
[PlyCount "64"]
[EventDate "1992.12.05"]

1. e4 c6 2. d4 d5 3. exd5 cxd5 4. c4 Nf6 5. Nf3 g6 6. Nc3 Bg7 7. c5 O-O 8. h3
Ne4 9. Bd3 Bf5 10. O-O Nc6 11. Be3 Nxc3 12. bxc3 Bxd3 13. Qxd3 b6 14. Qb5 Na5
15. cxb6 axb6 16. Nd2 e6 17. Rfb1 Qc7 18. a4 Rfb8 19. Rc1 Rc8 20. Rab1 Rab8 21.
g3 Bf8 22. Bf4 Bd6 23. Bxd6 Qxd6 24. c4 Nc6 25. cxd5 Nxd4 26. Rxc8+ Rxc8 27.
Qa6 Rc2 28. Ne4 Qe5 29. Qd3 exd5 30. Re1 dxe4 31. Rxe4 Rd2 32. Qe3 Qd5 0-1

[Event "XIII Memorial Edoardo Crespi Open"]
[Site "Milano ITA"]
[Date "1992.12.??"]
[Round "5"]
[White "Barbieri, Giovanni"]
[Black "Cazzaniga, Walter"]
[Result "1-0"]
[WhiteElo "1884"]
[BlackElo "2100"]
[PlyCount "75"]
[EventDate "1992.12.05"]

1. e4 e6 2. d3 d5 3. Nd2 Nf6 4. Ngf3 Nc6 5. e5 Nd7 6. d4 f6 7. Bb5 Be7 8. Nb3
a5 9. a4 fxe5 10. dxe5 O-O 11. Bxc6 bxc6 12. Bd2 Bb4 13. Nbd4 Nb8 14. Nb3 Bxd2+
15. Qxd2 c5 16. Nxc5 Nc6 17. c3 Qe7 18. Qe3 Rb8 19. b3 Rxf3 20. gxf3 Nxe5 21.
Qxe5 Qxc5 22. O-O Rxb3 23. Rab1 Rb6 24. Qd4 Qxd4 25. cxd4 Rxb1 26. Rxb1 Bd7 27.
Rb7 Bxa4 28. Rxc7 Bd1 29. Kf1 Bxf3 30. Ke1 a4 31. Ra7 a3 32. Rxa3 Bg4 33. Ra7
h6 34. Kd2 Kh7 35. Ke3 Kg6 36. Kf4 Bf5 37. Ke5 h5 38. Re7 1-0

[Event "XIII Memorial Edoardo Crespi Open"]
[Site "Milano ITA"]
[Date "1992.12.??"]
[Round "5"]
[White "Blum, Gernot"]
[Black "Ljubisavljevic, Zivojin Z."]
[Result "1/2-1/2"]
[WhiteElo "2260"]
[BlackElo "2260"]
[PlyCount "111"]
[EventDate "1992.12.05"]

1. c4 c5 2. Nc3 Nc6 3. Nf3 e5 4. e3 f5 5. Rb1 Nf6 6. a3 Be7 7. Be2 O-O 8. O-O
a5 9. d4 e4 10. Ne5 cxd4 11. Nxc6 dxc6 12. exd4 Bd6 13. f3 exf3 14. Bxf3 Qc7
15. h3 Bd7 16. c5 Bg3 17. d5 Qe5 18. Ne2 Rae8 19. Nxg3 Qxg3 20. Qb3 Ng4 21.
hxg4 fxg4 22. dxc6+ Be6 23. Qc3 gxf3 24. Rxf3 Rxf3 25. Qxf3 Qe1+ 26. Qf1 Qxf1+
27. Kxf1 Bc4+ 28. Kf2 Re2+ 29. Kf3 bxc6 30. b3 Bd3 31. Rb2 Re5 32. b4 axb4 33.
axb4 h5 34. Rd2 Rf5+ 35. Ke3 Bc4 36. Bb2 Bd5 37. g3 Rf3+ 38. Kd4 Rxg3 39. b5
Rb3 40. b6 h4 41. Ke5 g5 42. Rxd5 cxd5 43. Bd4 h3 44. c6 Rxb6 45. Bxb6 h2 46.
c7 h1=Q 47. c8=Q+ Kg7 48. Qd7+ Kh6 49. Qe6+ Kh7 50. Qf5+ Kh6 51. Qf6+ Kh7 52.
Qf7+ Kh6 53. Qf6+ Kh7 54. Qf5+ Kh6 55. Kf6 Qa1+ 56. Ke6 1/2-1/2

[Event "XIII Memorial Edoardo Crespi Open"]
[Site "Milano ITA"]
[Date "1992.12.??"]
[Round "5"]
[White "Buonocore, Elio"]
[Black "Cavallini, Gianfranco"]
[Result "1-0"]
[WhiteElo "2154"]
[BlackElo "1857"]
[PlyCount "21"]
[EventDate "1992.12.05"]

1. e4 e5 2. Nf3 Nc6 3. d4 exd4 4. Nxd4 Qh4 5. Nc3 Bb4 6. Be2 Nf6 7. O-O Ne5 8.
Nf5 g5 9. Nxh4 gxh4 10. f4 Bc5+ 11. Kh1 1-0

[Event "XIII Memorial Edoardo Crespi Open"]
[Site "Milano ITA"]
[Date "1992.12.??"]
[Round "5"]
[White "Chachere, Lawrence"]
[Black "Fernandez, Antonio"]
[Result "0-1"]
[WhiteElo "2240"]
[BlackElo "2345"]
[PlyCount "74"]
[EventDate "1992.12.05"]

1. d4 Nf6 2. c4 g6 3. Nc3 Bg7 4. e4 d6 5. Nf3 O-O 6. Be2 Nbd7 7. O-O e5 8. Re1
c6 9. Bf1 Re8 10. d5 Qc7 11. Rb1 a5 12. b3 Nc5 13. Bd3 Bd7 14. Bc2 cxd5 15.
Nxd5 Nxd5 16. Qxd5 b5 17. cxb5 Bxb5 18. Qd2 Rad8 19. Ba3 d5 20. exd5 Bc6 21.
Qe3 Rxd5 22. Bxc5 Ba8 23. Bxg6 hxg6 24. Rbc1 Qd7 25. Qe2 e4 26. Ba3 Bc6 27. Nh4
g5 28. Qh5 gxh4 29. Qxh4 e3 30. fxe3 Rd2 31. Rxc6 Qxc6 32. Qg3 Rxa2 33. Bd6 Re6
34. Bf4 Rg6 35. Bg5 f6 36. Qb8+ Bf8 37. h4 Qxg2# 0-1

[Event "XIII Memorial Edoardo Crespi Open"]
[Site "Milano ITA"]
[Date "1992.12.??"]
[Round "5"]
[White "Gandolfi, Gianfranco"]
[Black "Negro, Roberto"]
[Result "0-1"]
[WhiteElo "1716"]
[BlackElo "2154"]
[PlyCount "46"]
[EventDate "1992.12.05"]

1. e4 c5 2. Nf3 Nc6 3. d4 cxd4 4. Nxd4 Nf6 5. Nc3 e5 6. Ndb5 d6 7. Nd5 Nxd5 8.
exd5 Ne7 9. c4 Ng6 10. Bd3 Be7 11. O-O a6 12. Nc3 O-O 13. Be3 f5 14. f3 Bf6 15.
Rc1 e4 16. fxe4 f4 17. Bf2 Be5 18. Be2 Qg5 19. Bf3 Nh4 20. Bxh4 Qxh4 21. b3 Rf6
22. Qe1 Bd4+ 23. Kh1 Qxh2+ 0-1

[Event "XIII Memorial Edoardo Crespi Open"]
[Site "Milano ITA"]
[Date "1992.12.??"]
[Round "5"]
[White "Lagrotteria, Salvatore"]
[Black "Agostani, Andrea"]
[Result "1/2-1/2"]
[WhiteElo "2250"]
[BlackElo "1624"]
[PlyCount "56"]
[EventDate "1992.12.05"]

1. Nf3 Nf6 2. g3 b6 3. Bg2 Bb7 4. O-O e6 5. d3 Be7 6. e4 d6 7. Nbd2 Nbd7 8. a4
c5 9. Qe2 Qc7 10. b3 O-O 11. Bb2 Rfd8 12. Ne1 Ne8 13. Rc1 Rac8 14. f4 Bf6 15.
c3 Nf8 16. g4 Rd7 17. g5 Bd8 18. Nef3 f6 19. Bh3 d5 20. Qe3 dxe4 21. Nxe4 f5
22. Ng3 Bxf3 23. Rxf3 Be7 24. c4 Rcd8 25. Bf1 Bd6 26. Re1 Re7 27. Be5 Ng6 28.
Bxd6 Nxd6 1/2-1/2

[Event "XIII Memorial Edoardo Crespi Open"]
[Site "Milano ITA"]
[Date "1992.12.??"]
[Round "5"]
[White "Legky, Nikolay A."]
[Black "Redo, Giorgio"]
[Result "1-0"]
[WhiteElo "2480"]
[BlackElo "1933"]
[PlyCount "65"]
[EventDate "1992.12.05"]

1. d4 Nf6 2. c4 e6 3. Nf3 d5 4. Nc3 Nbd7 5. Bf4 Bb4 6. e3 Ne4 7. Qc2 g5 8. Bg3
h5 9. cxd5 exd5 10. h4 Qe7 11. Bxc7 Ndf6 12. Be5 g4 13. Ng5 Bf5 14. Bxf6 Bxc3+
15. bxc3 Qxf6 16. Bd3 Nd6 17. Bxf5 Nxf5 18. g3 O-O 19. O-O Qg6 20. Qb3 Qd6 21.
Qb1 Qd7 22. e4 f6 23. Ne6 Qxe6 24. exf5 Qc6 25. Re1 Rfe8 26. Re6 Rxe6 27. fxe6
Kg7 28. Qf5 Re8 29. Re1 Qxc3 30. Re3 Qxd4 31. Qxh5 Re7 32. Qf5 Rc7 33. e7 1-0

[Event "XIII Memorial Edoardo Crespi Open"]
[Site "Milano ITA"]
[Date "1992.12.??"]
[Round "5"]
[White "Redo, Nicola"]
[Black "Giani, Franco"]
[Result "1-0"]
[WhiteElo "2039"]
[BlackElo "1848"]
[PlyCount "44"]
[EventDate "1992.12.05"]

1. Nf3 g6 2. d4 Bg7 3. e4 d6 4. Nc3 Bg4 5. Be2 c6 6. a4 Nf6 7. O-O O-O 8. Bf4
Nbd7 9. h3 Bxf3 10. Bxf3 e5 11. Be3 exd4 12. Bxd4 Qc7 13. Re1 Rae8 14. g3 Re7
15. Bg2 Rfe8 16. Qd2 Ne5 17. b3 Nfd7 18. f4 c5 19. Nd5 Nf3+ 20. Bxf3 Bxd4+ 21.
Qxd4 cxd4 22. Nxc7 Nf6 1-0

[Event "XIII Memorial Edoardo Crespi Open"]
[Site "Milano ITA"]
[Date "1992.12.??"]
[Round "6"]
[White "Cazzaniga, Walter"]
[Black "Gandolfi, Gianfranco"]
[Result "1-0"]
[WhiteElo "2100"]
[BlackElo "1716"]
[PlyCount "83"]
[EventDate "1992.12.05"]

1. e4 e6 2. d4 d5 3. Nc3 Nf6 4. e5 Nfd7 5. f4 a6 6. Nf3 c5 7. Be3 Nc6 8. Qd2
Qa5 9. Be2 cxd4 10. Nxd4 Nxd4 11. Bxd4 Bc5 12. Bf3 Bxd4 13. Qxd4 Qb6 14. Ne2
Qxd4 15. Nxd4 b6 16. O-O-O Bb7 17. Rhe1 g6 18. g4 Ke7 19. Rd2 Rhc8 20. Re3 Rc5
21. Be2 Rac8 22. Bd3 b5 23. Rg2 Nb6 24. Rh3 Rh8 25. Re2 Nd7 26. Rh6 Rcc8 27. h4
Nc5 28. Kd2 Nxd3 29. cxd3 Kf8 30. Rh2 Kg7 31. g5 Rce8 32. h5 Bc8 33. Ke3 Bb7
34. b4 Rd8 35. hxg6 hxg6 36. Rxh8 Rxh8 37. Rxh8 Kxh8 38. Nb3 Kg8 39. Kd4 Kf8
40. Kc5 d4 41. Nxd4 Ke7 42. Kb6 1-0

[Event "XIII Memorial Edoardo Crespi Open"]
[Site "Milano ITA"]
[Date "1992.12.??"]
[Round "6"]
[White "Fernandez, Antonio"]
[Black "Blum, Gernot"]
[Result "1-0"]
[WhiteElo "2345"]
[BlackElo "2260"]
[PlyCount "97"]
[EventDate "1992.12.05"]

1. Nf3 c5 2. g3 Nc6 3. Bg2 g6 4. O-O Bg7 5. e4 Nf6 6. Re1 O-O 7. c3 d6 8. d3 e5
9. a3 h6 10. b4 Nh5 11. Nbd2 Be6 12. Bb2 Qd7 13. b5 Ne7 14. a4 Bh3 15. Nc4 Bxg2
16. Kxg2 f5 17. exf5 Nxf5 18. d4 Qf7 19. Qe2 Qd5 20. Ne3 Nxe3+ 21. fxe3 e4 22.
Nd2 cxd4 23. cxd4 Rac8 24. Rec1 Nf6 25. Rxc8 Rxc8 26. Rc1 Rxc1 27. Bxc1 Bf8 28.
Qc4 Qxc4 29. Nxc4 d5 30. Na5 Kf7 31. Nxb7 Bb4 32. Nd8+ Ke8 33. Nc6 Bc3 34. Nxa7
Kd7 35. Nc6 Kc7 36. h3 Nd7 37. Ba3 Nb6 38. Ne7 Kb7 39. Bc5 Nxa4 40. Nxd5 Bd2
41. g4 h5 42. gxh5 gxh5 43. Kg3 Be1+ 44. Kf4 Nb2 45. Kxe4 Nd1 46. Nf4 Bf2 47.
Kf3 Bg1 48. d5 Bh2 49. Bd4 1-0

[Event "XIII Memorial Edoardo Crespi Open"]
[Site "Milano ITA"]
[Date "1992.12.??"]
[Round "6"]
[White "Ljubisavljevic, Zivojin Z."]
[Black "Drazic, Sinisa"]
[Result "1-0"]
[WhiteElo "2260"]
[BlackElo "2410"]
[PlyCount "97"]
[EventDate "1992.12.05"]

1. e4 c6 2. d4 d5 3. Nc3 dxe4 4. Nxe4 Nf6 5. Nxf6+ exf6 6. c3 Bd6 7. Bd3 O-O 8.
Ne2 Re8 9. O-O Nd7 10. Bf4 Nf8 11. Bxd6 Qxd6 12. Ng3 g6 13. Qd2 f5 14. Rae1
Rxe1 15. Rxe1 Be6 16. a3 f6 17. Qe2 b5 18. a4 a6 19. Ra1 Re8 20. axb5 axb5 21.
Qd2 Bd5 22. Ne2 Ne6 23. Qh6 Qc7 24. h4 f4 25. h5 Qg7 26. Qxg7+ Kxg7 27. f3 Kh6
28. Ra7 Kxh5 29. Rxh7+ Kg5 30. Kf2 Ra8 31. Be4 Bc4 32. Nc1 Ra1 33. Rh1 Bd5 34.
Re1 Nc7 35. Nd3 Ra2 36. Re2 Na6 37. Bxd5 cxd5 38. g3 fxg3+ 39. Kxg3 Kf5 40. Nf4
Nc7 41. Re7 g5 42. Ng2 Na6 43. Ne3+ Kg6 44. Nxd5 Rxb2 45. Re6 Ra2 46. Rxf6+ Kh5
47. Rb6 Ra5 48. Ne3 g4 49. Kf4 1-0

[Event "XIII Memorial Edoardo Crespi Open"]
[Site "Milano ITA"]
[Date "1992.12.??"]
[Round "6"]
[White "Negro, Roberto"]
[Black "Legky, Nikolay A."]
[Result "0-1"]
[WhiteElo "2154"]
[BlackElo "2480"]
[PlyCount "50"]
[EventDate "1992.12.05"]

1. d4 e6 2. c4 Bb4+ 3. Nc3 c5 4. d5 Bxc3+ 5. bxc3 f5 6. g4 fxg4 7. Qd3 d6 8. h3
exd5 9. cxd5 Nd7 10. hxg4 Ne5 11. Qc2 Bxg4 12. f3 Bd7 13. Rxh7 Rxh7 14. Qxh7
Kf8 15. Rb1 Qa5 16. Bh3 Rd8 17. Kf2 Nf6 18. Qh8+ Kf7 19. Be6+ Bxe6 20. dxe6+
Kxe6 21. Qxg7 Rg8 22. Qxb7 Qxc3 23. Qb3+ Nd5 24. Qxc3 Nxc3 25. Rb2 Nd1+ 0-1

[Event "XIII Memorial Edoardo Crespi Open"]
[Site "Milano ITA"]
[Date "1992.12.??"]
[Round "6"]
[White "Rizzuti, Pasquale"]
[Black "Elitropi, Giorgio"]
[Result "1-0"]
[WhiteElo "1714"]
[BlackElo "1794"]
[PlyCount "81"]
[EventDate "1992.12.05"]

1. e4 e6 2. d4 d5 3. Nd2 Nf6 4. e5 Nfd7 5. f4 c5 6. c3 Nc6 7. Ndf3 Qb6 8. g3
cxd4 9. cxd4 Bb4+ 10. Kf2 g5 11. Bh3 h5 12. Nxg5 Qxd4+ 13. Qxd4 Nxd4 14. Be3
Nc2 15. Rc1 Nxe3 16. Kxe3 Be7 17. N1f3 Rg8 18. Nxe6 fxe6 19. Bxe6 Rg7 20. Bxd5
Nb6 21. Bb3 a5 22. a3 Bg4 23. Rc7 Rd8 24. Nd4 Rd5 25. Rxe7+ Rxe7 26. Bxd5 Nxd5+
27. Kd3 Rc7 28. f5 Ne7 29. Rf1 Rc5 30. f6 Ng6 31. e6 Re5 32. e7 Kf7 33. h4 a4
34. Rf2 Nh8 35. Rf4 Ng6 36. Rf2 Nh8 37. Kc4 Ke8 38. Kb4 Rd5 39. Nb5 Re5 40. Rd2
Re4+ 41. Ka5 1-0

[Event "XIII Memorial Edoardo Crespi Open"]
[Site "Milano ITA"]
[Date "1992.12.??"]
[Round "7"]
[White "Barlocco, Carlo"]
[Black "Quagliarella, Sabino Remo"]
[Result "1-0"]
[WhiteElo "2340"]
[BlackElo "1868"]
[PlyCount "53"]
[EventDate "1992.12.05"]

1. Nf3 d6 2. g3 g6 3. Bg2 Bg7 4. O-O e5 5. e4 Ne7 6. d4 exd4 7. Nxd4 O-O 8. Nc3
Nbc6 9. Be3 Nxd4 10. Bxd4 Nc6 11. Bxg7 Kxg7 12. Qd2 Be6 13. Rad1 h6 14. f4 Bg4
15. Rde1 Qd7 16. Nd5 Rae8 17. f5 gxf5 18. h3 Bh5 19. g4 Bg6 20. exf5 Rxe1 21.
Rxe1 Bh7 22. f6+ Kh8 23. Qxh6 Rg8 24. Be4 Rxg4+ 25. Kh1 Rg6 26. Bxg6 fxg6 27.
Re8+ 1-0

[Event "XIII Memorial Edoardo Crespi Open"]
[Site "Milano ITA"]
[Date "1992.12.??"]
[Round "7"]
[White "Blum, Gernot"]
[Black "Pieri, Filippo"]
[Result "0-1"]
[WhiteElo "2260"]
[BlackElo "2235"]
[PlyCount "52"]
[EventDate "1992.12.05"]

1. c4 Nf6 2. Nc3 c5 3. Nf3 Nc6 4. e3 g6 5. d4 cxd4 6. exd4 d5 7. Bg5 Ne4 8.
cxd5 Nxc3 9. bxc3 Qxd5 10. c4 Qe4+ 11. Be2 Bg7 12. d5 Ne5 13. O-O h6 14. Be3
O-O 15. Nxe5 Qxe5 16. Rb1 b6 17. Bf3 Bf5 18. Rb5 Bd7 19. Rb1 Rac8 20. Re1 Qf6
21. Rc1 Rfd8 22. c5 Bf5 23. Qa4 bxc5 24. Bxc5 Qb2 25. Qxa7 Bd4 26. g4 Qxf2+ 0-1

[Event "XIII Memorial Edoardo Crespi Open"]
[Site "Milano ITA"]
[Date "1992.12.??"]
[Round "7"]
[White "Chachere, Lawrence"]
[Black "Marzano, Carlo"]
[Result "0-1"]
[WhiteElo "2240"]
[BlackElo "2063"]
[PlyCount "46"]
[EventDate "1992.12.05"]

1. d4 d5 2. c4 c6 3. Nc3 Nf6 4. Nf3 dxc4 5. a4 Bf5 6. e3 e6 7. Bxc4 Bb4 8. O-O
Nbd7 9. Nh4 Bg6 10. f4 Nd5 11. Nxg6 hxg6 12. Na2 Be7 13. e4 N5b6 14. Bb3 a5 15.
Be3 O-O 16. Nc3 c5 17. d5 exd5 18. Nxd5 Nxd5 19. Qxd5 Nf6 20. Qc4 Ng4 21. Rf3
Nxe3 22. Rxe3 Qd4 23. Kf2 Qxb2+ 0-1

[Event "XIII Memorial Edoardo Crespi Open"]
[Site "Milano ITA"]
[Date "1992.12.??"]
[Round "7"]
[White "Drazic, Sinisa"]
[Black "Lanzani, Giuliano"]
[Result "1-0"]
[WhiteElo "2410"]
[BlackElo "1770"]
[PlyCount "49"]
[EventDate "1992.12.05"]

1. d4 f5 2. Bg5 d5 3. e3 c6 4. c4 Qb6 5. Qb3 e6 6. Nc3 Nd7 7. Nf3 Ngf6 8. Bd3
Be7 9. h3 Qxb3 10. axb3 O-O 11. cxd5 cxd5 12. Nb5 Bd8 13. Rxa7 Rxa7 14. Nxa7
Ba5+ 15. Ke2 Nb8 16. Nxc8 Rxc8 17. g4 fxg4 18. hxg4 Nxg4 19. Bxh7+ Kf7 20. Rg1
Nf6 21. Ne5+ Ke7 22. Bh4 Kd6 23. Rxg7 Nxh7 24. Be7+ Kc7 25. Rxh7 1-0

[Event "XIII Memorial Edoardo Crespi Open"]
[Site "Milano ITA"]
[Date "1992.12.??"]
[Round "7"]
[White "Fernandez, Antonio"]
[Black "Nurkic, Sahbaz"]
[Result "0-1"]
[WhiteElo "2345"]
[BlackElo "2435"]
[PlyCount "59"]
[EventDate "1992.12.05"]

1. Nf3 Nf6 2. c4 g6 3. g3 Bg7 4. Bg2 O-O 5. O-O d6 6. Nc3 e5 7. d4 Nc6 8. d5
Ne7 9. e4 h6 10. Ne1 Nd7 11. Nd3 f5 12. f3 Nf6 13. Be3 h5 14. h4 c5 15. dxc6
Nxc6 16. Qb3 Nd4 17. Bxd4 exd4 18. Nd5 Nxd5 19. cxd5 g5 20. exf5 Bxf5 21. g4
hxg4 22. fxg4 Bxg4 23. Rxf8+ Qxf8 24. hxg5 Qe7 25. Re1 Qxg5 26. Nf2 Bf5 27.
Qxb7 Rf8 28. Qxa7 d3 29. Rd1 Qf4 30. Qa6 0-1

[Event "XIII Memorial Edoardo Crespi Open"]
[Site "Milano ITA"]
[Date "1992.12.??"]
[Round "8"]
[White "Cazzaniga, Walter"]
[Black "Ceresoli, Luigi"]
[Result "0-1"]
[WhiteElo "2100"]
[BlackElo "2103"]
[PlyCount "106"]
[EventDate "1992.12.05"]

1. d4 Nf6 2. c4 e6 3. Nf3 b6 4. g3 Bb7 5. Bg2 Bb4+ 6. Bd2 Bxd2+ 7. Nbxd2 O-O 8.
O-O d6 9. Qc2 Nbd7 10. Rfd1 Qe7 11. e4 e5 12. d5 a5 13. b3 Nh5 14. Nf1 g6 15.
Re1 Ndf6 16. a3 c6 17. dxc6 Bxc6 18. N3d2 Rfc8 19. Qd3 Qd7 20. Ne3 Ng7 21. Nd5
Bxd5 22. exd5 Nfe8 23. f4 exf4 24. gxf4 f5 25. Qd4 b5 26. Re6 Qa7 27. Qxa7 Rxa7
28. cxb5 a4 29. bxa4 Rxa4 30. Re7 Rb8 31. Bf1 Nf6 32. Bc4 Kf8 33. Re3 Ngh5 34.
Re6 Ne8 35. Bb3 Rxf4 36. a4 Rg4+ 37. Kf2 Nf4 38. Nf3 Nxe6 39. dxe6 Nc7 40. Rd1
Ke7 41. Nd4 Rxd4 42. Rxd4 Nxe6 43. Bxe6 Kxe6 44. Ke3 Kd7 45. Rb4 Kc7 46. Kd4
Kb6 47. Kd5 Rf8 48. Kxd6 f4 49. Rb2 f3 50. Rf2 g5 51. Ke5 Rf4 52. h4 h6 53. h5
Ka5 0-1

[Event "XIII Memorial Edoardo Crespi Open"]
[Site "Milano ITA"]
[Date "1992.12.??"]
[Round "8"]
[White "Marzano, Carlo"]
[Black "Drazic, Sinisa"]
[Result "0-1"]
[WhiteElo "2063"]
[BlackElo "2410"]
[PlyCount "112"]
[EventDate "1992.12.05"]

1. d4 Nf6 2. Nf3 d6 3. Bg5 Nbd7 4. Nbd2 h6 5. Bh4 g5 6. Bg3 Nh5 7. e4 Bg7 8. c3
e6 9. Bc4 a6 10. a4 Qe7 11. O-O Nf8 12. Re1 Ng6 13. Nf1 Nxg3 14. hxg3 h5 15.
Ne3 g4 16. Nf5 Qf8 17. Nxg7+ Qxg7 18. Nd2 Qh6 19. Nf1 Bd7 20. Qd2 h4 21. Qxh6
Rxh6 22. gxh4 Nxh4 23. Be2 O-O-O 24. g3 Nf3+ 25. Bxf3 gxf3 26. Nh2 f5 27. Nxf3
Bc6 28. Ng5 Rg8 29. f4 Bxe4 30. Nxe4 fxe4 31. Kg2 Rhg6 32. Re3 Kd7 33. Rh1 R8g7
34. Rh3 d5 35. Rh8 Kc6 36. Rh4 Kd6 37. Kh3 Rf6 38. Re2 c5 39. dxc5+ Kxc5 40.
Rh5 Kc4 41. Rd2 Rfg6 42. Rg2 b5 43. axb5 axb5 44. g4 b4 45. f5 exf5 46. Rxf5
Rg5 47. Rxg5 Rxg5 48. Kh4 Rg8 49. Rd2 bxc3 50. bxc3 Rd8 51. g5 e3 52. Rg2 Kxc3
53. g6 d4 54. g7 d3 55. g8=Q Rxg8 56. Rxg8 e2 0-1

[Event "XIII Memorial Edoardo Crespi Open"]
[Site "Milano ITA"]
[Date "1992.12.??"]
[Round "8"]
[White "Nurkic, Sahbaz"]
[Black "Ljubisavljevic, Zivojin Z."]
[Result "1/2-1/2"]
[WhiteElo "2435"]
[BlackElo "2260"]
[PlyCount "70"]
[EventDate "1992.12.05"]

1. e4 c5 2. g3 d6 3. Bg2 g6 4. Nf3 Nc6 5. O-O Bg7 6. c3 Nf6 7. d4 O-O 8. d5 Nb8
9. Nbd2 Bg4 10. h3 Bxf3 11. Bxf3 Nbd7 12. a4 b6 13. Bg2 Qc7 14. f4 Rab8 15. Re1
a6 16. Nf3 c4 17. e5 Ne8 18. Kh2 Nc5 19. Bf1 b5 20. axb5 axb5 21. Nd4 Rb7 22.
Nc6 e6 23. Be3 Nb3 24. Ra6 dxe5 25. fxe5 exd5 26. Qxd5 Qd7 27. Qxd7 Rxd7 28.
Rb6 Nc7 29. Bg2 Rc8 30. e6 fxe6 31. Rb7 Bf8 32. Ne5 Rd6 33. Re2 Rd1 34. Bf3 Bg7
35. Ng4 Nd5 1/2-1/2

[Event "XIII Memorial Edoardo Crespi Open"]
[Site "Milano ITA"]
[Date "1992.12.??"]
[Round "8"]
[White "Pieri, Filippo"]
[Black "Legky, Nikolay A."]
[Result "1-0"]
[WhiteElo "2235"]
[BlackElo "2480"]
[PlyCount "95"]
[EventDate "1992.12.05"]

1. e4 e6 2. d4 d5 3. Nc3 a6 4. Bd3 Nc6 5. Nf3 Nb4 6. Be2 Nf6 7. e5 Ne4 8. a3
Nxc3 9. bxc3 Nc6 10. O-O Na5 11. Ne1 c5 12. f4 g6 13. Nf3 Qc7 14. Be3 Bd7 15.
Kh1 cxd4 16. cxd4 Rc8 17. Bd3 Bb5 18. g4 Bxd3 19. cxd3 h5 20. f5 hxg4 21. fxe6
gxf3 22. Rc1 Nc6 23. Qxf3 f5 24. Qxd5 Rd8 25. Qg2 Qh7 26. Rxc6 Qxh2+ 27. Qxh2
Rxh2+ 28. Kxh2 bxc6 29. Rg1 f4 30. Bf2 Rb8 31. Rxg6 Rb7 32. a4 Rh7+ 33. Kg2 Ke7
34. Be1 Ke8 35. Rg8 Rg7+ 36. Rxg7 Bxg7 37. Bh4 Bh6 38. Kf3 Kf8 39. Ke4 Ke8 40.
d5 cxd5+ 41. Kxd5 f3 42. Ke4 Bg5 43. Bf2 Ke7 44. Kf5 Bd2 45. d4 Kd8 46. d5 Kc7
47. d6+ Kc6 48. e7 1-0

[Event "XIII Memorial Edoardo Crespi Open"]
[Site "Milano ITA"]
[Date "1992.12.??"]
[Round "8"]
[White "Redo, Nicola"]
[Black "Fernandez, Antonio"]
[Result "1/2-1/2"]
[WhiteElo "2039"]
[BlackElo "2345"]
[PlyCount "70"]
[EventDate "1992.12.05"]

1. Nf3 Nf6 2. c4 g6 3. b3 Bg7 4. Bb2 O-O 5. g3 d5 6. Bg2 c5 7. O-O Nc6 8. cxd5
Nxd5 9. Bxg7 Kxg7 10. Qc2 b6 11. Qb2+ Kg8 12. d4 cxd4 13. Nxd4 Nxd4 14. Qxd4
Bb7 15. Rd1 Qc7 16. Bxd5 Bxd5 17. Nc3 Bb7 18. Nd5 Bxd5 19. Qxd5 Rad8 20. Qe4 e6
21. Rac1 Qe7 22. a4 Qa3 23. Qe3 Qb2 24. h4 h5 25. Kg2 Qf6 26. Rxd8 Qxd8 27. Rc4
Qd5+ 28. Qf3 Qxf3+ 29. Kxf3 Rd8 30. Rc7 Rd4 31. Rxa7 Rb4 32. a5 Rxb3+ 33. e3
bxa5 34. Rxa5 Kg7 35. Rc5 Kf6 1/2-1/2

[Event "XIII Memorial Edoardo Crespi Open"]
[Site "Milano ITA"]
[Date "1992.12.??"]
[Round "8"]
[White "Yeuillaz, Corrado"]
[Black "Salami, Marco"]
[Result "1-0"]
[WhiteElo "2230"]
[BlackElo "2007"]
[PlyCount "87"]
[EventDate "1992.12.05"]

1. e4 e6 2. d4 d5 3. e5 c5 4. c3 Nc6 5. Nf3 Qb6 6. a3 c4 7. Be2 f6 8. O-O fxe5
9. Nxe5 Nxe5 10. dxe5 Ne7 11. Qc2 Bd7 12. Be3 Qc7 13. Nd2 Qxe5 14. Nf3 Qf5 15.
Qd1 Nc6 16. b3 cxb3 17. Bd3 Qg4 18. Qxb3 Bd6 19. Qxb7 Rb8 20. Qa6 O-O 21. Be2
Qh5 22. h3 Rf6 23. Qd3 Rg6 24. Kh1 Rf8 25. Ng1 Qh4 26. g3 Bxg3 27. fxg3 Qxg3
28. Rxf8+ Kxf8 29. Bc5+ Ke8 30. Qxg3 Rxg3 31. Rf1 Ne7 32. Rf3 Rg5 33. Kh2 g6
34. Bxa7 e5 35. Re3 e4 36. Rg3 Rf5 37. Rg2 Rf7 38. Bc5 Bc6 39. Rf2 Rg7 40. Bg4
h5 41. Be6 g5 42. Rb2 Kd8 43. Bd4 Rg6 44. Rb8+ 1-0